00908nam a22002417a 4500003000500000005001700005008004100022010001100063011001100074035001100085040000900096100002700105245016300132260004000295500006000335502007700395650002700472650002500499650001200524650002300536650004300559856006400602CHAP20220329143748.0110725s2011 mx r 00010 spa d a101591 a102563 a113252 cCHAP1 aOrtiz Medel, Marcelina10aRelación entre el grado de madurez de fruto de papaya (Carica papaya L.) y la calidadd fisiológica de la semillah[En línea]c/por Marcelina Ortiz medel aChapingo, Méx. :bEl autor,c2011 aPara ver el contenido del material haga clic en la liga aTesis (Ing. Agr. Esp. en Fitotecnia) -- UACH. Departamento de Fitotecnia14aFrutaxAlmacenamiento.14aFrutaxMaduración.14aPapaya.14aSemillasxCalidad.14aSemillasxFisiología y morfología. 3Finding aiduhttp://10.13.5.2/tesis/113252.pdfzTeclea aqui